Every Class 2 Texas Senator - Statistics

General Stats
  • This quiz has been taken 28 times
  • The average score is 8 of 15
Answer Stats
Picture Hint Answer % Correct
D(1949-1961) Lyndon B. Johnson
100%
R(2002-) John Cornyn
80%
D(1941-1941) Andrew Jackson Houston
60%
R(1961-1985) John G. Tower
60%
D(1941-1949) Pappy O'Daniel
60%
AM(1846-1859) Samuel Houston
60%
R(1985-2002) W. Philip Gramm
60%
D(1895-1901) Horace Chilton
40%
D(1859-1870) John Hemphill
40%
D(1901-1913) Joseph W. Bailey
40%
R(1870-1877) Morgan C. Hamilton
40%
D(1913-1941) Morris Sheppard
40%
D(1877-1895) Richard Coke
40%
D(1913-1913) Rienzi M. Johnston
40%
D(1961-1961) William A. Blakley
40%
No matching quizzes found
Score Distribution
Percent of People with Each Score
Percentile by Number Answered
Your Score History
You have not taken this quiz